Statistics for Countries That Have/Had Monarchies

Click here to take the quiz!

General Stats

  • This quiz has been taken 34 times
    (11 since last reset)
  • The average score is 39 of 65

Answer Stats

HintAnswer% Correct
Freed from U.K..Ireland
89%
Ongoing I believeNorway
89%
Ongoing I believeSweden
89%
OngoingDenmark
78%
Was against one of the
U.K.'s "Countries", until
WWI and WWII.
France
78%
Or was it an empire?
Frankish empire, and Holy
Roman empire, but
many states that were
kingdoms.
Germany
78%
I don't know when, I just
think it had a kingdom.
India
78%
OngoingNetherlands
78%
I don't know when, I just
think it had a kingdom.
Pakistan
78%
Tsarism/Csarism.Russia
78%
U.K. "Country".Scotland
78%
Ongoing I believeSpain
78%
U.K. "Country".Wales
78%
I don't know when, I just
know it had a kingdom.
Andorra
67%
This was combined with the country
below. (Suggested.).
Austria
67%
Controlled what was
formerly Zaire. Ongoing
I believe.
Belgium
67%
Stopped (No idea
when, I just know
this country had
a monarchy).
Brazil
67%
Kingdom's name
was Kampuchea.
Cambodia
67%
Had many dynasties, e.g.;
Qing, Xing, E.T.C..
China
67%
U.K. "Country".England
67%
Former name is
Swaziland.
Eswatini
67%
Stopped in 20th
century.
Greece
67%
This was combined with the country
above. (Suggested.).
Hungary
67%
I don't know when, I just
know it had a kingdom.
Japan
67%
I don't know when, I just
know it had a kingdom.
Lesotho
67%
Since 2011Liechtenstein
67%
I don't know when, I just
know it had a kingdom.
Luxembourg
67%
Ongoing.Morocco
67%
I don't know when, I just
think it had a kingdom.
Myanmar
67%
U.K. "Country".Northern Ireland
67%
Duchy of this country's
modern capital.
Poland
67%
Ongoing I believePortugal
67%
I don't know when, I just
know it had a kingdom.
Saudi Arabia
67%
OngoingThailand
67%
I don't know when, I just
know it had a kingdom.
United Arab Emirates
67%
Actually a pope, not
necessarily a king.
Vatican City
67%
I don't know when, I just
know it had a kingdom.
Bahrain
56%
I don't know when, I just
know it had a kingdom.
Bhutan
56%
I don't know when, I just
got suggested that it had a kingdom.
Bulgaria
56%
Former name is Zaire,
was in an empire too,
Before that, it was many
kingdoms.
Democratic Republic of the Congo
56%
Just stopped
country's monarchy.
Egypt
56%
I don't remember if this
country WAS a kingdom
or WAS NOT, but if there
was Majapahit, then I'm
going to guess it was.
Indonesia
56%
I'm going to consider Persia, even
though Persia was an empire, a
kingdom.
Iran
56%
I don't know when, I just
know it had a kingdom.
Jordan
56%
I don't know when, I just
know it had a kingdom.
Monaco
56%
Ongoing I believe.Nepal
56%
I don't know when, I just
got suggested that it had a kingdom.
Serbia
56%
I consider this country, during
it's dynasties, had a kingdom
(I hate my grammar sometimes,
but I don't know how to type it in.).
Turkey
56%
I don't know when, I just
got suggested that it had a kingdom.
Albania
44%
Part of Majapahit.Brunei
44%
I don't know when, I just
got suggested that it had a kingdom.
Croatia
44%
Before it was divided into
north and south.
Korea
44%
I don't know when, I just
know it had a kingdom.
Kuwait
44%
Part of Majapahit.Malaysia
44%
I don't know when, I just
know it had a kingdom.
Oman
44%
I don't know when, I just
know it had a kingdom.
Qatar
44%
I don't know when, I just
got suggested that it had a kingdom.
Romania
44%
Started in 1861, ended in 1946.
(Suggested.).
Italy
33%
I don't know when, I just
know it had a kingdom.
Malta
33%
Started in 1910, ended six years
later. (Suggested.).
Montenegro
33%
I don't know when, I just
know it had a kingdom.
Tonga
33%
Part of Majapahit.East Timor
22%
Part of Majapahit. (The
east of this country was.).
Phillippines
22%
Part of Majapahit.Singapore
22%
The rest of this continent,
practically had many
kingdoms.
Africa
11%

Score Distribution

Percentile by Number Answered

Percent of People with Each Score

Your Score History

You have not taken this quiz since the last reset